000 00634nam a22002057a 4500
001 113531
003 DR-UNIBE
005 20250509110029.0
008 250501b2006 es ||||| |||| 00| 0 spa d
040 _aBIBLIOTECA UNIBE
_bspa
_cBIBLIOTECA UNIBE
_erda
041 _aspa
082 _aF 5687
100 1 _aGuzman C , Ulices Del Dios
_eautor
_9194833
245 1 0 _aFilosofía jurídica en acción /
_cUlices Del Dios Guzman C.
260 _aSan Salvador :
_bDirección de Comunicaciones de la Corte Suprema de Justicia,
_c2006
300 _a60 páginas
650 _2lemb
_aFilosofía
650 _2lemb
_aDerecho
942 _2ddc
_cMX
999 _c113531
_d113531